| 000 | 00670cac a22001931u 4500 | ||
|---|---|---|---|
| 090 | _c763 | ||
| 008 | 081103t2005 xxu||||| |||| 00| 0 eng d | ||
| 020 | _a8129701812 | ||
| 082 |
_a001.55 _bH6451 |
||
| 100 | _aHill, Francis S. | ||
| 245 |
_c Francis S. Hill _aComputer graphics using open GL/ |
||
| 250 | _a2nd ed. | ||
| 260 |
_aNew York : _bPearson Education, _c2005. |
||
| 300 |
_a954 p. : _bill. ; _c24 cm. |
||
| 500 | _aIncludes index. | ||
| 650 | _aComputer graphics | ||
| 942 |
_cBB _k001.55H6451 _2ddc |
||
| 999 |
_c763 _d763 |
||